000 00627nab a2200229 a 4500
001 69955
003 143900
005 20201118110723.0
008 ||||||n9999 ||| || ||
041 _aspa
110 _aMinisterio de Minas y Energia
245 0 _aEcopetrol :
_bmodificada la estructura del patrimonio
260 _aBogotá :
_bLEGI0,
_c1999.
300 _app.423-425
562 _e0
650 _aDECRETO 1163 DE 1999
650 _aECOPETROL
650 _aESTRUCTURA ECONÓMICA
650 _aREESTRUCTURACIÓN ADMINISTRATIVA
773 _068579
_aLegislación - Tomo 95 No.1124 (1999)
942 _cSART
999 _c69955
_d69955